000 01074nac a22003257a 4500
001 BR6800360
003 BR-BrBNA
005 20240105113329.0
008 230509b bl.|||m| |||| 00| 0 por d
040 _aBR-BrBNA
_bpor
_cBiblioteca Nacional de Agricultura
072 _aF24; F25
090 _aF24 BR6800360
100 1 _aRanzani, G.
100 1 _aKinjo, t.
100 1 _aFreire, O.
100 1 _aFranca, G.V.
100 1 _aMarcos, Z.Z.
100 1 _aDematte, J.L.I.
110 1 _aEscola Superior de Agricultura Luiz de Queiroz, Piracicaba, SP (Brasil)
245 1 _aCarta de solos do municipio de Iracemapolis [Sao Paulo; Reconhecimento do solo; Brasil]
260 3 _aPiracicaba, SP (Brasil):
_c1968.
300 _a64 p.
490 _aBoletim Tecnico-Cientifico - Escola Superior de Agricultura Luiz de Queiroz (Brazil)
_vno. 33a
_xISSN 0071-1306
500 _a28 ref.; 14 tables
650 _aCLASSIFICACAO DO SOLO
650 _aANALISE DO SOLO
650 _aSAO PAULO
909 _a202312
_bLúcia Elande
_c55
_dLúcia Elande
942 _2AGRIS
_n0
_cMS
999 _c263132
_d263132